A textbook of algebra materics and trigonometry / (Record no. 176906)
[ view plain ]
| 000 -LEADER | |
|---|---|
| fixed length control field | 01398 a2200181 4500 |
| 003 - CONTROL NUMBER IDENTIFIER | |
| control field | NUST |
| 005 - DATE AND TIME OF LATEST TRANSACTION | |
| control field | 20221114180720.0 |
| 020 ## - INTERNATIONAL STANDARD BOOK NUMBER | |
| International Standard Book Number | 817888299x |
| 040 ## - CATALOGING SOURCE | |
| Transcribing agency | Nust |
| 082 ## - DEWEY DECIMAL CLASSIFICATION NUMBER | |
| Classification number | 512.5,PAN |
| 100 ## - MAIN ENTRY--PERSONAL NAME | |
| Personal name | Pande, HD |
| 9 (RLIN) | 102591 |
| 245 ## - TITLE STATEMENT | |
| Title | A textbook of algebra materics and trigonometry / |
| Statement of responsibility, etc. | HD pande ,Nand Lal Singh Sharad Mehrotra,Ds pandey |
| 260 ## - PUBLICATION, DISTRIBUTION, ETC. | |
| Place of publication, distribution, etc. | NEW DELHI |
| Name of publisher, distributor, etc. | Dominant publishers |
| Date of publication, distribution, etc. | 2005 |
| 300 ## - PHYSICAL DESCRIPTION | |
| Extent | 510 p.: |
| 505 ## - FORMATTED CONTENTS NOTE | |
| Formatted contents note | Unitt-1 , Algebra and Matrices (Page-1), Unit –ii, Relation, Mappings and Congruence Modulo (Page-1-21), Matrices(Page-22-132), Unit-ii, Algebra Equations (Page-133-211), Unit-iii, Concept of Groups and Subgroups (Page-212-245), Permutation Group and Cyclic Group (Page-246-280), Order of an Element Cay leys Theorem and Cosets (Page-281-304), Homomorphism and Isomorphism (Page-304-312), Normal Subgroups (Page-313-320), Quotient Groups(Page-321-341), Unit-iv, Ring, Integral Domains and Fields (Page-342- 366 ), Characteristic of Ring (Page-366-371), Part-ii, Unit,-v, Application of De Moirés Theorem (Page-342-413), Exponential, Circular , Hyperbolic and Logarithmic Functions of complex Quantities (Page-414-444), General Exponential , Inverse Circular and Hyperbolic Functions of Complex Quantities (Page-445-465), Unit-vi, Summation of Series (Page-466-507), Answer (Page-508-510). |
| 650 ## - SUBJECT ADDED ENTRY--TOPICAL TERM | |
| Topical term or geographic name entry element | Algebra, Trigonometry |
| 9 (RLIN) | 102592 |
| 942 ## - ADDED ENTRY ELEMENTS (KOHA) | |
| Source of classification or shelving scheme | |
| Koha item type | Book |
| Call number prefix | 512.5,PAN |
| Withdrawn status | Lost status | Source of classification or shelving scheme | Damaged status | Not for loan | Permanent Location | Current Location | Shelving location | Date acquired | Full call number | Barcode | Date last seen | Price effective from | Koha item type | Public note |
|---|---|---|---|---|---|---|---|---|---|---|---|---|---|---|
| Military College of Signals (MCS) | Military College of Signals (MCS) | General Stacks | 12/12/2016 | 512.5,PAN | MCS32550 | 12/08/2016 | 12/12/2016 | Book | Almirah No.11, Shelf No.3 |
